Statistics for Movie Titles by Synonyms #4

Click here to take the quiz!

General Stats

  • This quiz has been taken 1,480 times
  • The average score is 5 of 15

Answer Stats

HintAnswer% Correct
The Black Medieval SoldierThe Dark Knight
81%
Courageous Cardiac MuscleBraveheart
74%
The Lone Star Cutting Device SlaughterThe Texas Chainsaw Massacre
66%
Tangos Among CaninesDances With Wolves
64%
Dude of AlloyMan of Steel
57%
Appalling Vision on Maple AvenueA Nightmare On Elm Street
41%
Newlywed of CharlesBride of Chucky
33%
Prehistoric Recreational AreaJurrasic Park
23%
Perfect in Bowling300
22%
Punt PugilistKickboxer
20%
Smoldering SpadesSmokin' Aces
18%
Granite GravesiteTombstone
14%
Cease of ShiftEnd of Watch
10%
Puree FantasyPulp Fiction
4%
Seize HastilySnatch
4%

Score Distribution

Percentile by Number Answered

Percent of People with Each Score

Your Score History

You have not taken this quiz